| 000 | 00528ntaaa2200193 4500 | ||
|---|---|---|---|
| 003 | 01 | ||
| 005 | 20251027201728.0 | ||
| 008 | 0714s1973 ag 01 | ||
| 040 |
_aAR-BaBN _bspa _cAR-BaBN _eaacr _dRIC |
||
| 082 | _a234.3000 Ov2 | ||
| 100 |
_aOverholtzer, J.Irvin _915821 |
||
| 245 | _aEstudios sobre la doctrina de la redención | ||
| 250 | _a1 ed. | ||
| 260 |
_aMéxico : _bAlianza Pro-evangelización del niño, _c1959 |
||
| 300 | _a54 p | ||
| 650 |
_ateología-redención _913737 |
||
| 650 |
_aredención _95485 |
||
| 942 | _cBK | ||
| 999 |
_c11933 _d11933 |
||